Statistics for Word Scramble - Cities #2

Click here to take the quiz!

General Stats

  • This quiz has been taken 10,157 times
  • The average score is 18 of 27

Answer Stats

ScrambleCity% Correct
DOONLNLondon
94%
STOBONBoston
91%
DRAMIDMadrid
88%
AGTOBOBogota
85%
WOOMSCMoscow
83%
RSWWAAWarsaw
83%
BLINDUDublin
80%
DYYNESSydney
79%
INBLSOLisbon
79%
RUBEITBeirut
77%
LEBNRIBerlin
77%
BUMAIMMumbai
76%
BRAZEGZagreb
74%
CIVEENVenice
72%
CHUMINMunich
68%
VENGEAGeneva
66%
NAVEINVienna
61%
LAMAINManila
60%
LADLSADallas
57%
IPEATITaipei
56%
DROOFXOxford
56%
RUGEPAPrague
54%
SPLENANaples
53%
HARDYIRiyadh
50%
SHANETAthens
43%
RAINATTirana
40%
SCOUNTTucson
33%

Score Distribution

Percentile by Number Answered

Percent of People with Each Score

Your Score History

You have not taken this quiz